| 000 | 00451nam a2200133Ia 4500 | ||
|---|---|---|---|
| 005 | 20260209120134.0 | ||
| 008 | 260209s9999||||xx |||||||||||||| ||und|| | ||
| 100 | _aRitesh Nimhoria | ||
| 245 | 0 | _aPractice of medical negligence in India | |
| 260 |
_aBangaloreBangalore _bNLSIU _c2014 |
||
| 300 | _a132 p. ; 25 cm. | ||
| 700 | _aProf. (Dr.) Ashok R Patil - GuideProf. (Dr.) Ashok R Patil - Guide | ||
| 856 | _uhttps://dans.nls.ac.in/handle/123456789/1705 | ||
| 999 |
_c217180 _d217180 |
||